Baleares. (Record no. 134893)

MARC details
000 -LEADER
campo de control de longitud fija 01125nam a2200301 i 4500
001 - NÚMERO DE CONTROL
campo de control 134893
003 - IDENTIFICADOR DE NÚMERO DE CONTROL
campo de control ES-MaACL
005 - FECHA Y HORA DE LA ÚLTIMA TRANSACCIÓN
campo de control 20230906194750.0
007 - CAMPO FIJO DE DESCRIPCIÓN FÍSICA--INFORMACIÓN GENERAL
campo de control de longitud fija t|
008 - DATOS DE LONGITUD FIJA--INFORMACIÓN GENERAL
campo de control de longitud fija 070703s1974 sp ||||1| spa d
080 ## - NÚMERO DE LA CLASIFICACIÓN DECIMAL UNIVERSAL
Número de la Clasificación Decimal Universal 7(467.5)
080 ## - NÚMERO DE LA CLASIFICACIÓN DECIMAL UNIVERSAL
Número de la Clasificación Decimal Universal 908(467.5)
245 00 - MENCIÓN DEL TÍTULO
Título Baleares.
250 ## - MENCION DE EDICION
Mención de edición [1ª ed.].
260 ## - PUBLICACIÓN, DISTRIBUCIÓN, ETC.
Lugar de publicación, distribución, etc. [Barcelona :
Nombre del editor, distribuidor, etc. Noguer,
Fecha de publicación, distribución, etc. 1974]
300 ## - DESCRIPCIÓN FÍSICA
Extensión 370 p. con 18 lám. neg. y col. ;
Dimensiones 30 cm.
490 1# - MENCIÓN DE SERIE
Mención de serie Tierras de España
505 8# - NOTA DE CONTENIDO CON FORMATO
Nota de contenido con formato Contiene: p. 11.--Introducción Geográfica / V.M. Rosselló Verger. p. 61.--Introducción Histórica / Alvaro Santamaría. p. 105.--Introducción Literaria / Francesc de B. Moll. p. 141.--Arte / Santiago Sebastián.
650 14 - PUNTO DE ACCESO ADICIONAL DE MATERIA--TÉRMINO DE MATERIA
Término de materia o nombre geográfico como elemento de entrada Arte-
Subdivisión geográfica Baleares (Comunidad Autónoma)
9 (RLIN) 10080
651 #4 - PUNTO DE ACCESO ADICIONAL DE MATERIA--NOMBRE GEOGRÁFICO
Nombre geográfico Baleares (Comunidad Autónoma)-
Subdivisión general Descripción.
9 (RLIN) 7857
700 1# - ENTRADA AGREGADA--NOMBRE PERSONAL
Nombre de persona Rosselló i Verger, Vicenç M.
9 (RLIN) 99846
700 1# - ENTRADA AGREGADA--NOMBRE PERSONAL
Nombre de persona Santamaría, Alvaro.
9 (RLIN) 103277
700 1# - ENTRADA AGREGADA--NOMBRE PERSONAL
Nombre de persona Moll, Francesc de B. (
Fechas asociadas al nombre 1903-1991)
9 (RLIN) 82033
700 1# - ENTRADA AGREGADA--NOMBRE PERSONAL
Nombre de persona Sebastián López, Santiago.
9 (RLIN) 105017
830 0# - PUNTO DE ACCESO ADICIONAL DE SERIE-TÍTULO UNIFORME
Título uniforme Tierras de España
9 (RLIN) 177948
852 ## - LOCALIZACIÓN
Ubicación ES-MaACL
Número de control de estantería E-6442
Sublocalización o colección R.91127
Holdings
Estatus retirado Estado de pérdida Estado de daño No para préstamo Biblioteca de origen Biblioteca actual Ubicación en estantería Fecha de adquisición Fuente de adquisición Total de préstamos Signatura topográfica completa Código de barras Visto por última vez Precio de reemplazo Tipo de ítem Koha
        Biblioteca del Ateneo de Madrid Biblioteca del Ateneo de Madrid Depósito 2 17/01/2008     E-6442 1140404 23/02/2023 23/02/2023 Libro impreso